000 00328nam a2200133Ia 4500
005 20260328101531.0
008 260328s9999||||xx |||||||||||||| ||und||
100 _aMostaedi, Arian
245 0 _aNew Apartment Buidings /
_cArian Mostaedi
260 _bTeam
300 _a239 p.
650 _aARQUITECTURA RESIDENCIAL
942 _cBK
999 _c9970
_d9970